Cidades que recebem voos da TAP Air Portugal - Statistics

Estatísticas Gerais
  • Esse quiz foi jogado 26 vezes
    19 desde o último reset
  • A pontuação média é 46 de 93
Estatísticas das Respostas
País Cidade (aeroporto) % Correto
Espanha Barcelona
100%
Espanha Madri
100%
Portugal Faro
94%
Portugal Porto
94%
Brasil Rio de Janeiro-Galeão
94%
Itália Roma-Fiumicino
94%
Brasil São Paulo-Guarulhos
88%
Reino Unido Londres-Gatwick
82%
Reino Unido Londres-Heathrow
82%
Estados Unidos Nova York-JFK
82%
França Paris-Orly
82%
Alemanha Berlim
76%
Brasil Brasília
76%
Irlanda Dublin
76%
Portugal Funchal
76%
Luxemburgo Luxemburgo
76%
Holanda Amsterdã
71%
Alemanha Munique
71%
Portugal Ponta Delgada
71%
Canadá Toronto-Pearson
71%
Áustria Viena
71%
Espanha Bilbao
65%
Venezuela Caracas
65%
Alemanha Frankfurt
65%
Angola Luanda
65%
França Marselha
65%
Itália Milão-Malpensa
65%
Cabo Verde Sal
65%
Espanha Sevilha
65%
Espanha Valencia
65%
Polônia Varsóvia-Chopin
65%
Portugal Lisboa
59%
França Nice
59%
Noruega Oslo
59%
República Tcheca Praga
59%
Dinamarca Copenhague
53%
Estados Unidos Miami
53%
Itália Nápoles
53%
Cabo Verde Praia
53%
Estados Unidos Boston
47%
Senegal Dacar
47%
Suécia Estocolmo
47%
Itália Florença
47%
Brasil Florianópolis
47%
Estados Unidos Los Angeles
47%
Brasil Manaus
47%
Brasil Natal
47%
Israel Tel Aviv
47%
Estados Unidos Washington-Dulles
47%
Suíça Zurique
47%
Brasil Belém
41%
Brasil Belo Horizonte-Confins
41%
Guiné-Bissau Bissau
41%
Bélgica Bruxelas
41%
Marrocos Casablanca
41%
Brasil Fortaleza
41%
Alemanha Hamburgo
41%
França Lyon
41%
Espanha Málaga
41%
Reino Unido Manchester
41%
Moçambique Maputo
41%
Brasil Porto Alegre
41%
Brasil Salvador
41%
Estados Unidos São Francisco
41%
Itália Veneza-Marco Polo
41%
Espanha Alicante
35%
México Cancún
35%
Marrocos Marrakesh
35%
Brasil Recife
35%
Gana Acra
29%
Gâmbia Banjul
29%
Itália Bolonha
29%
Estados Unidos Chicago-O'Hare
29%
Alemanha Düsseldorf
29%
Suíça Genebra
29%
Canadá Montreal
29%
Portugal Terceira
29%
Marrocos Agadir
24%
Cabo Verde Boa Vista
24%
Tunísia Djerba
24%
Espanha Ibiza
24%
Espanha Las Palmas
24%
Brasil Maceió
24%
Espanha Palma de Mallorca
24%
São Tomé e Príncipe São Tomé
24%
Marrocos Tânger
24%
França Toulouse
24%
Estados Unidos Newark
18%
Espanha Fuerteventura
12%
Tunísia Monastir
12%
Portugal Porto Santo
12%
Cabo Verde São Vicente
12%
Espanha Mahón
0%
Nenhum quiz correspondente encontrado
Distribuição das Pontuações
Porcentagem de Pessoas com Cada Pontuação
Percentil de Números Respondidos
Sua Pontuação Histórica
Você não jogou esse quiz desde o último reset